Computer networks / (Record no. 179686)

000 -LEADER
fixed length control field 00831 a2200205 4500
003 - CONTROL NUMBER IDENTIFIER
control field Nust
005 - DATE AND TIME OF LATEST TRANSACTION
control field 20220729115106.0
010 ## - LIBRARY OF CONGRESS CONTROL NUMBER
LC control number 2002029263
020 ## - INTERNATIONAL STANDARD BOOK NUMBER
International Standard Book Number 0130661023
040 ## - CATALOGING SOURCE
Transcribing agency Nust
082 00 - DEWEY DECIMAL CLASSIFICATION NUMBER
Classification number 004.6,TAN
100 1# - MAIN ENTRY--PERSONAL NAME
Personal name Tanenbaum, Andrew S.,
9 (RLIN) 1413
245 10 - TITLE STATEMENT
Title Computer networks /
Statement of responsibility, etc. Andrew S. Tanenbaum.
250 ## - EDITION STATEMENT
Edition statement 4th ed.
260 ## - PUBLICATION, DISTRIBUTION, ETC.
Place of publication, distribution, etc. Upper Saddle River, NJ :
Name of publisher, distributor, etc. Prentice Hall PTR,
Date of publication, distribution, etc. c2003.
300 ## - PHYSICAL DESCRIPTION
Extent xx, 891 p. :
Other physical details ill. ;
Dimensions 25 cm.
505 ## - FORMATTED CONTENTS NOTE
Formatted contents note Introduction (Page-1),The Physical Layer (Page-85),The Data Link Layer (Page-183),The Medium Access Control Sublayer (Page-247), The Network Layer (Page-343),The Transport Layer (Page-481),The Application Layer (Page-579),Network Security (Page-721),Reading List and Bibliography (Page-835).
650 #0 - SUBJECT ADDED ENTRY--TOPICAL TERM
Topical term or geographic name entry element Computer networks.
9 (RLIN) 3677
942 ## - ADDED ENTRY ELEMENTS (KOHA)
Source of classification or shelving scheme
Koha item type Book
Call number prefix 004.6,TAN
Holdings
Withdrawn status Lost status Source of classification or shelving scheme Damaged status Not for loan Permanent Location Current Location Shelving location Date acquired Total Checkouts Full call number Barcode Date last seen Date last checked out Price effective from Koha item type Public note
          Military College of Signals (MCS) Military College of Signals (MCS) General Stacks 12/12/2016 1 004.6,TAN MCS30368 06/30/2025 08/26/2022 12/12/2016 Book Almirah No.8, Shelf No.3
          Military College of Signals (MCS) Military College of Signals (MCS) General Stacks 12/12/2016   004.6,TAN MCS36852 12/08/2016   12/12/2016 Book Almirah No.8, Shelf No.3
© 2023 Central Library, National University of Sciences and Technology. All Rights Reserved.